| 000 | 03493aam a2200709 a 4500 | ||
|---|---|---|---|
| 001 | 000069321 | ||
| 003 | AR-BaBN | ||
| 005 | 20251212092507.0 | ||
| 008 | 071109s1977 ag gr 001 0dspa | ||
| 015 | _aAR-1977 | ||
| 020 | _a9502503546 | ||
| 040 |
_aAR-BaBN _bspa _cAR-BaBN _eaacr _dAR-RoUNA |
||
| 041 | 1 | _aspa | |
| 044 |
_aag _car-c |
||
| 100 | 1 |
_aDurkheim, Émile, _d1858-1917 _4aut _927532 |
|
| 245 | 1 | 3 |
_aLa sociología clásica : _bDurkheim y Weber. estudio preliminar y selección de textos: Juan Carlos Portantiero / _cÉmile Durkheim. |
| 260 |
_aBuenos Aires : _bCentro Editor de América Latina, _c1985. |
||
| 300 |
_a127 p. ; _c19x11 cm. |
||
| 504 | _aIncluye notas y referencias bibliográficas a pie de página. | ||
| 505 | _tINDICE | ||
| 505 | _t INTTRODUCCION | ||
| 505 | _a El origen de la sociologia. p. 11. | ||
| 505 | _a Los padres fundadores. p. 14. | ||
| 505 | _a Durkheim: el problema del orden. p. 23. | ||
| 505 | _a Weber: racionalidad y dominación. p. 26. | ||
| 505 | _tSELECCION DE TEXTOS | ||
| 505 | _aDurkheim: las reglas del método sociológico. p. 33. | ||
| 505 | _aPrefacio de la segunda edición. p. 33 | ||
| 505 | _t.CAPITULO I ¿QUE ES HECHO SOCIAL? | ||
| 505 | _a El suicidio. p. 55 | ||
| 505 | _tCAPITULO II | ||
| 505 | _aWeber: Conceptos sociológicos fundamentos. p. 76. | ||
| 505 | _a Fundamentos metodológicos. p.76. | ||
| 505 | _aEl concepto de acción social. p. 90. | ||
| 505 | _aTipo de dominación y forma de legitimidad. p. 103. | ||
| 505 | _aDominación legal con administración burocrática. p. 106. | ||
| 505 | _aLa rutinización del carisma. p. 112. | ||
| 505 | _aClases, estamentos partidos. p. 117 | ||
| 520 | 3 | _aLa sociología clásica de Émile Durkheim y Max Weber se centra en explicar el orden y el cambio social a través de enfoques diferentes. Durkheim se enfoca en los hechos sociales, las estructuras y la cohesión social, mientras que Weber se concentra en la acción social, la interpretación de los significados individuales y la influencia de la racionalización y la burocracia en la modernidad. Ambos son considerados padres de la sociología clásica por sus influyentes aportaciones para comprender la sociedad. | |
| 650 | 4 |
_aSociología _zFrancia _ySiglos 19 _ySiglo 20 |
|
| 650 | 4 |
_aSociología _zAlemania _ySiglos 19 _ySiglo 20 |
|
| 650 | 4 | _aTeoría de la acción | |
| 700 | 1 |
_aWeber, Max, _d1864-1920 _927536 |
|
| 700 | 1 |
_aPortantiero, Juan Carlos, _d1934-2007 _927537 |
|
| 830 | 0 |
_aBiblioteca total (Centro Editor de América Latina) _pFundamentos de las ciencias del hombre _v16 _927538 |
|
| 930 | 1 |
_lBNA01 _mLIBRO _600830960 _820110912 _h1a. reimpr., sep. 1978 _s02 _n003 _o000069321 |
|
| 930 | 1 |
_lBNA01 _mLIBRO _600079600 _820110912 _s02 _n000 _o000069321 |
|
| 930 | 1 |
_lBNA01 _mLIBRO _600841820 _820110912 _s02 _n002 _o000069321 |
|
| 942 | _2udc | ||
| 945 | _d2025-10-29 | ||
| 956 |
_aGSL _b00 _c20110915 _lBNA01 _h1045 |
||
| 956 |
_aGSL _c20130614 _lBNA01 _h1203 |
||
| 956 |
_aMGONZALEZ _b20 _c20131216 _lBNA01 _h1828 |
||
| 956 |
_aMGONZALEZ _b20 _c20131216 _lBNA01 _h1829 |
||
| 956 |
_aMGONZALEZ _b20 _c20131219 _lBNA01 _h1313 |
||
| 956 |
_aMGONZALEZ _b20 _c20151117 _lBNA01 _h1711 |
||
| 956 |
_aMGONZALEZ _b20 _c20151117 _lBNA01 _h1714 |
||
| 956 |
_aAFLORIDIA _b20 _c20170809 _lBNA01 _h1612 |
||
| 956 |
_aDVINAS _b20 _c20170818 _lBNA01 _h1615 |
||
| 956 |
_aBATCH-UPD _b20 _c20220302 _lBNA01 _h1630 |
||
| 980 |
_65 _aMaría Machado _85 _gMaría Machado |
||
| 999 |
_c12202 _d12202 |
||